000 02101nam0a2200337 4500
001 RU\NLR\BIBL_A\022621392
005 20251124124946.0
010 _a978-5-8028-0261-8
_9300
021 _aRU
_bКН-П-25-043747
_9КН-П-25-4258
035 _a(NLR Aleph) 022621392
090 _a13469874
_c13469874
100 _a20250915d2025 u y0rusy50 ca
101 0 _arus
102 _aRU
105 _aa j 000yy
181 0 _ai3
_baxxe
182 0 _an
200 1 _aАдаптивное плавание
_eучебное пособие
_eдля обучающихся образовательных организаций высшего образования физкультурного профиля
_fВ. А. Дрокова
_gМинистерство спорта Российской Федерации, Федеральное государственное бюджетное образовательное учреждение высшего образования "Дальневосточная государственная академия физической культуры"
203 _aТекст
_bвизуальный
_cнепосредственный
210 _aХабаровск
_cДВГАФК
_d2025
215 _a155, [1] с.
_cил., табл.
_d21
320 _aБиблиогр.: с. 154-156 (19 назв.)
606 1 _aДети с ограниченными возможностями здоровья
_jУчебные издания для высших учебных заведений
_xОбучение плаванию
_92319232
_3RU\NLR\AUTH\6601612595
606 1 _aПлавание для лиц с ограниченными возможностями здоровья
_jУчебные издания для высших учебных заведений
_92424502
_3RU\NLR\AUTH\661443589
686 1 _aЧ430.135.4я73
686 1 _aЧ511.140плав.я73
700 1 _aДрокова
_bВ. А.
_gВиктория Александровна
942 _cBOOK
980 _aNB